स्पंदनाची किमया. (Record no. 268817)

MARC details
000 -LEADER
fixed length control field 00737nam a2200181Ia 4500
008 - FIXED-LENGTH DATA ELEMENTS--GENERAL INFORMATION
fixed length control field 090630s9999 xx 000 0 und d
082 ## - DEWEY DECIMAL CLASSIFICATION NUMBER
Item number 16961
100 ## - MAIN ENTRY--PERSONAL NAME
Personal name कोल्हटकर उषादेवी विजय.
245 ## - TITLE STATEMENT
Title स्पंदनाची किमया.
Statement of responsibility, etc कोल्हटकर उषादेवी विजय.
260 ## - PUBLICATION, DISTRIBUTION, ETC. (IMPRINT)
Name of publisher, distributor, etc कॉन्टीनेंटल.
300 ## - PHYSICAL DESCRIPTION
Extent 0
600 ## - SUBJECT ADDED ENTRY--PERSONAL NAME
Personal name कोल्हटकर उषादेवी विजय.
630 ## - SUBJECT ADDED ENTRY--UNIFORM TITLE
Uniform title स्पंदनाची किमया.
655 ## - INDEX TERM--GENRE/FORM
Genre/form data or focus term कादंबरी.
700 ## - ADDED ENTRY--PERSONAL NAME
Personal name कोल्हटकर उषादेवी विजय.
730 ## - ADDED ENTRY--UNIFORM TITLE
Uniform title स्पंदनाची किमया.
942 ## - ADDED ENTRY ELEMENTS (KOHA)
Koha item type Book
Holdings
Withdrawn status Lost status Damaged status Not for loan Home library Current library Date acquired Cost, normal purchase price Total Checkouts Full call number Barcode Date last seen Cost, replacement price Price effective from Koha item type
        Sarvajanik Wachanalaya Shrivardhan Sarvajanik Wachanalaya Shrivardhan   60.00   16961 SAWASHRI-16961 06/30/2009 60.00 06/30/2009 Book